Statistics for Cities by football stadiums

Click here to take the quiz!

General Stats

  • This quiz has been taken 55 times
  • The average score is 10 of 15

Answer Stats

HintAnswer% Correct
stamford bridgeLondon
100%
nou campBarcelona
98%
san siroMilan
94%
parc des princesParis
94%
allianz arenaMunich
90%
santiago bernabeuMadrid
90%
Ibrox stadiumGlasgow
86%
carrow roadNorwich
76%
kc stadiumHull
63%
liberty stadiumSwansea
61%
estadio do dragaoPorto
53%
windsor parkBelfast
41%
pittodreAberdeen
41%
brunton parkCarlisle
18%
palmerston parkDumfries
10%

Score Distribution

Percentile by Number Answered

Percent of People with Each Score

Your Score History

You have not taken this quiz